The Mabilles of Basutoland / (Record no. 193861)
[ view plain ]
| 000 -LEADER | |
|---|---|
| fixed length control field | 00887 a2200157 4500 |
| 003 - CONTROL NUMBER IDENTIFIER | |
| control field | Nust |
| 005 - DATE AND TIME OF LATEST TRANSACTION | |
| control field | 20230227120850.0 |
| 040 ## - CATALOGING SOURCE | |
| Transcribing agency | Nust |
| 082 ## - DEWEY DECIMAL CLASSIFICATION NUMBER | |
| Classification number | 266,SMI |
| 100 ## - MAIN ENTRY--PERSONAL NAME | |
| Personal name | Edwin W. Smith |
| 9 (RLIN) | 109592 |
| 245 ## - TITLE STATEMENT | |
| Title | The Mabilles of Basutoland / |
| Statement of responsibility, etc. | Edwin W. Smith |
| 260 ## - PUBLICATION, DISTRIBUTION, ETC. | |
| Place of publication, distribution, etc. | London |
| Name of publisher, distributor, etc. | Hodder and Stughton |
| Date of publication, distribution, etc. | 1939 |
| 300 ## - PHYSICAL DESCRIPTION | |
| Extent | 382 p.; |
| 505 ## - FORMATTED CONTENTS NOTE | |
| Formatted contents note | Adeles Huguenot Ancestry (Page-21), Naboths Vineyard (Page-35), Adeles Early Life 1840-1856 (Page-51), The Youth of Adolphe Mabille 1836-1859(Page-69) irst Year Together at Morija(Page- 91), Ardent and Sagacious Apostleship (Page-113), The War 1865-1868 (Page-141), An Interlude : Moshesh and Letsie (Page-181), In labours Abudant (Page-97), The Essential Mabille (Page-229), The Gun War Page-243), On Furlough ( Page -269), Reconstruction (Page-297), Adolphe Mabilles Last Years (Page-325), Ma Rona our Mother (Page-355). |
| 942 ## - ADDED ENTRY ELEMENTS (KOHA) | |
| Source of classification or shelving scheme | |
| Koha item type | Book |
| Withdrawn status | Lost status | Source of classification or shelving scheme | Damaged status | Not for loan | Permanent Location | Current Location | Shelving location | Date acquired | Full call number | Barcode | Date last seen | Price effective from | Koha item type | Public note |
|---|---|---|---|---|---|---|---|---|---|---|---|---|---|---|
| Military College of Signals (MCS) | Military College of Signals (MCS) | General Stacks | 12/12/2016 | 266,SMI | MCS29232 | 12/08/2016 | 12/12/2016 | Book | Almirah No.73, Shelf No.2 |
